Book

Idea crónica : literatura de no ficción iberoamericana /

Saved in:
Bibliographic Details
Main Authors: Chejfec, Sergio (Author), Chitarroni, Luis (Author), Cozarinsky, Edgardo (Author), Moreno, María (Author), Pauls, Alan (Author), Kazumi Stahl, Anna (Author), Taborda, Oscar (Author), Sanches Neto, Miguel (Author), Eltit, Diamela (Author), Cortés, Carlos (Author), Escudos, Jacinta (Author), Carrión, Jorge (Author), Liano, Dante (Author), Monsiváis, Carlos, 1938-2010 (Author), Rodríguez Juliá, Edgardo (Author)
Other Authors: Cristoff, María Sonia (Compiler, comp.)
Format: Book
Language:Spanish
Published: Rosario : Beatriz Viterbo, 2006.
Series:Crónicas (Beatriz Viterbo).
Subjects:

MARC

LEADER 00000cam a2200000 a 4500
001 026643
003 AR-BeUNQ
005 20250214134609.0
007 ta
008 140715s2006 ag 000 0 spa d
999 |c 24500  |d 99887 
020 |a 9508451793 
040 |a AR-BeUNQ  |b spa  |c AR-BeUNQ  |e aacr 
044 |a ag 
082 0 4 |a 863  |2 21 
245 0 0 |a Idea crónica :  |b literatura de no ficción iberoamericana /  |c María Sonia Cristoff (comp.) ; Sergio Chejfec ... [et al.]. 
260 |a Rosario :  |b Beatriz Viterbo,  |c 2006. 
300 |a 253 p. ;  |c 22 cm. 
490 1 |a Crónicas ; 
505 0 |a Prólogo / Mónica Bernabé -- Donaldson Park / Sergio Chejfec -- Cinco días / Luis Chitarroni -- Terreno minado / Edgardo Cozarinsky -- No, mi ama / María Moreno -- Mi vida como hombre / Alan Pauls -- Los sentidos del otro verbo / Anna Kazumi Stahl -- San Jorge / Oscar Taborda -- Heredando una biblioteca / Miguel Sanches Neto -- La otra cara de la moneda / Diamela Eltit -- China: el gigante en bicicleta / Carlos Cortés -- Los pájaros cantaron de noche / Jacinta Escudos -- Ciudad en formol / Jorge Carrión -- Jornadas / Dante Liano -- La hora del consumo de emociones: vámonos al Angel / Carlos Monsiváis -- Temporal / Edgardo Rodríguez Juliá 
650 7 |a Literatura (Arte)  |2 spines 
650 7 |a Narrativa  |2 ttll 
650 7 |a Literatura iberoamericana  |2 ttll 
650 7 |a Antología  |2 toit 
650 7 |a Relatos  |2 ttll 
650 7 |a Crónicas  |2 ttll 
700 1 |a Cristoff, María Sonia,  |e comp.  |4 com 
700 1 |a Chejfec, Sergio,  |e aut.  |4 aut 
700 1 |a Chitarroni, Luis,  |e aut.  |4 aut 
700 1 |a Cozarinsky, Edgardo,  |e aut.  |4 aut 
700 1 |a Moreno, María,  |e aut.  |4 aut 
700 1 |a Pauls, Alan,  |e aut.  |4 aut 
700 1 |a Kazumi Stahl, Anna,  |e aut.  |4 aut 
700 1 |a Taborda, Oscar,  |e aut.  |4 aut 
700 1 |a Sanches Neto, Miguel,  |e aut.  |4 aut 
700 1 |a Eltit, Diamela,  |e aut.  |4 aut 
700 1 |a Cortés, Carlos,  |e aut.  |4 aut 
700 1 |a Escudos, Jacinta,  |e aut.  |4 aut 
700 1 |a Carrión, Jorge,  |e aut.  |4 aut 
700 1 |a Liano, Dante,  |e aut.  |4 aut 
700 1 |a Monsiváis, Carlos,  |e aut.  |4 aut  |9 5027  |d 1938-2010 
700 1 |a Rodríguez Juliá, Edgardo,  |e aut.  |4 aut 
830 0 |a Crónicas (Beatriz Viterbo).   |n 1 
929 |a DONACION  |b Margarita Pierini  |d 162,00  |e 20140617  |f PAT0054253  |g 2575  |j 51846 
942 |c LIB  |n 0